000 00635nam a2200217Ia 4500
008 101110s9999 xx 000 0 und d
041 _aMARATHI
082 _bSR27312
100 _aPedanekar Hemant M., Shinde Prakasha G., Mahajan U.A. , Chavan Vilasrao etc.
245 _aBhogul jagatik prakriya va prarupe (FYBA)
260 _c2004
_bSheth Publication, Mumbai
300 _a178
365 _b75
520 _aGeography
546 _aMARATHI
630 _aBhogul jagatik prakriya va prarupe (FYBA)
650 _aGeography
655 _aGeography
730 _aBhogul jagatik prakriya va prarupe (FYBA)
942 _cBOOK
999 _c819868
_d819865